| 000 | 00981nam a2200229 4500 | ||
|---|---|---|---|
| 005 | 20260211161944.0 | ||
| 008 | 260211b |||||||| |||| 00| 0 eng d | ||
| 020 | _a9788181970268 (hbk) | ||
| 037 | _cTB | ||
| 040 |
_aCRL _cCRL |
||
| 041 |
_2hin _ahin |
||
| 084 | _aO152,2M90:g Q0 | ||
| 100 |
_aमधुरेश _91115358 |
||
| 245 | _aराधेश्याम कथावाचक | ||
| 260 |
_aनई दिल्ली, भारत: _bराष्ट्रीय नाट्य विद्यालय, _c2010. |
||
| 300 | _a143पृ. | ||
| 365 |
_b150.00 _cINR |
||
| 650 |
_aहिन्दी नाटक _91115359 |
||
| 650 |
_aहिन्दी साहित्य _91115360 |
||
| 942 |
_2CC _n0 _cTB _hO152,2M90:g Q0 |
||
| 999 |
_c1679398 _d1679398 |
||